LEADER 01065nam a2200289 u 4500 001 000000012726 003 CaOOAMICUS 005 20070226105554.0 008 940517s1989 it u000 u ita u 035 $a10306660 040 $aPUL(R)$bita 100 1 $aRindone, Elio.$0(OLS)http://pul/name/12096 245 10$aPer comprendere l'eucaristia /$cElio Rindone. 260 $aPalermo :$bEdizioni Augustinus,$cc1989. 300 $a97 p. ;$c22 cm 490 1 $aCristianismo ;$v6 504 $aBibliografia in nota. 650 4$aEucaristia.$0(OLS)http://pul/subject/1539 830 0$aCristianismo ;$v6.$0(OLS)http://pul/title/18415 850 $aPUL 852 $aPUL$W1$xDP2 Religione 1$y63$m68 C 21$j17950$nBK-PRI$qStampati$B17950$CPULBib$Z2$F17950 $H61855 $82 941 1 $a8 960 $aEucarestia$91539 960 $aComunione (sacramento)$91539 961 $aINV: 61855 996 $6245$aPer comprendere l'eucaristia$9(OLS)http://pul/title/18414 996 $6260$aPalermo :$bEdizioni Augustinus$9(OLS)http://pul/publisher/48236 LEADER 01120nam a2200253 a 4500 001 000000120391 003 CaOOAMICUS 005 20100301102554.0 008 100301t2009 it u000 u ita r 020 $a978-88-308-1019-8 040 $aPUL$bita$dReb 100 1 $aTuroldo, Fabrizio.$0(OLS)http://pul/name/73677 245 10$aBioetica ed etica della responsabilitą :$bdai fondamenti teorici alle applicazioni pratiche /$cFabrizio Turoldo. 260 $aAssisi :$bCittadella,$c©2009. 300 $a134 p. ;$c21 cm. 504 $aBibliografia in nota. 650 4$aMedicina e etica.$0(OLS)http://pul/subject/2869 650 4$aBioetica.$0(OLS)http://pul/subject/2868 850 $aPUL 852 $aPUL$W1$xSL Filosofia 3$y81$m174 TURFA 1$j138028$qDDC 21$B137207$CPULBib$Z2$F137207 $H112897 $82 941 1 $a9 996 $6020$a978-88-308-1019-8$9(OLS)http://pul/number/143444 996 $6245$aBioetica ed etica della responsabilitą :$bdai fondamenti teorici alle applicazioni pratiche$9(OLS)http://pul/title/151415 996 $6260$aAssisi :$bCittadella$9(OLS)http://pul/publisher/49668